[Event "DEM U12/U12w 2009"]
[Site "Willingen GER"]
[Date "2009.06.03"]
[Round "6"]
[White "Lemke, Berfîn"]
[Black "Heinemann, Josefine"]
[Result "1-0"]
[Termination "normal"]
[Board "44"]
[WhiteElo "1312"]
[BlackElo "1062"]
[PlyCount "67"]
[WhiteFideId "1270578"]
[BlackFideId "12900460"]
[EventCountry "GER"]
[EventRounds "11"]
[EventType "swiss"]
[EventDate "2009.05.30"]

1. e4 e5 2. Nf3 Nc6 3. Bc4 Bc5 4. d3 Nf6 5. Nc3 O-O 6. Bg5 Be7 7. O-O d6 8. Be3
Bg4 9. Qe2 Qd7 10. Rfe1 Nb4 11. Bb3 Nc6 12. Rad1 a6 13. a3 Nd8 14. Nb1 Nc6 15.
Nbd2 d5 16. exd5 Nxd5 17. Bxd5 Qxd5 18. h3 Bh5 19. Ne4 Qe6 20. Ng3 Bg6 21. Bd2
f6 22. Bc3 Bd6 23. d4 Qf7 24. dxe5 Rfe8 25. e6 Qf8 26. Nh4 Nd8 27. Nxg6 hxg6
28. Qg4 f5 29. Qxg6 Bxg3 30. fxg3 Qc5+ 31. Kh2 Qe7 32. Rd7 Qf8 33. Rxg7+ Qxg7
34. Qxg7# 1-0

[Event "DEM U12/U12w 2009"]
[Site "Willingen GER"]
[Date "2009.06.03"]
[Round "6"]
[White "Gaßmann, Linda"]
[Black "Weber, Sandra"]
[Result "1/2-1/2"]
[Termination "normal"]
[Board "45"]
[WhiteElo "1143"]
[BlackElo "1315"]
[PlyCount "31"]
[WhiteFideId "12900451"]
[BlackFideId "1270049"]
[EventCountry "GER"]
[EventRounds "11"]
[EventType "swiss"]
[EventDate "2009.05.30"]

1. e4 e5 2. Nf3 Nc6 3. Bc4 Bc5 4. Nc3 Nf6 5. h3 d6 6. d3 h6 7. Be3 Bxe3 8. fxe3
Na5 9. Bb3 Nxb3 10. axb3 O-O 11. Nh2 d5 12. Qf3 c6 13. O-O d4 14. Nd1 Be6 15.
Kh1 Kh8 16. Qg3 1/2-1/2

[Event "DEM U12/U12w 2009"]
[Site "Willingen GER"]
[Date "2009.06.03"]
[Round "6"]
[White "Fuchs, Linda"]
[Black "Velkina, Elina"]
[Result "0-1"]
[Termination "normal"]
[Board "46"]
[WhiteElo "1202"]
[BlackElo "1113"]
[PlyCount "104"]
[WhiteFideId "12900435"]
[BlackFideId "1271679"]
[EventCountry "GER"]
[EventRounds "11"]
[EventType "swiss"]
[EventDate "2009.05.30"]

1. e4 e5 2. Nf3 d6 3. d4 exd4 4. Nxd4 Be7 5. Bc4 Nf6 6. Nc3 Nbd7 7. O-O O-O 8.
Bf4 c6 9. Qd2 Qc7 10. a4 b6 11. Bh6 Ng4 12. Bf4 Bb7 13. Bb3 Rad8 14. h3 Ngf6
15. Nf5 Ne5 16. Qe3 Ng6 17. g4 Bc8 18. Ne2 Bxf5 19. exf5 Nxf4 20. Qxf4 h6 21.
Ng3 c5 22. h4 Qc6 23. Rad1 d5 24. g5 Bd6 25. Qf3 Bxg3 26. fxg3 Ne4 27. gxh6
Qxh6 28. Bxd5 Nd2 29. Qg2 Nxf1 30. Qxf1 Qe3+ 31. Kh2 Qe5 32. c4 Qxb2+ 33. Kh1
Qb3 34. Ra1 Qxg3 35. h5 Qh4+ 36. Kg1 Qxh5 37. Qf4 Rfe8 38. Qc7 Qg4+ 39. Kh2
Re2+ 40. Kh1 Qh4+ 41. Kg1 Qf2+ 42. Kh1 Re1+ 43. Rxe1 Qxe1+ 44. Kg2 Qe2+ 45. Kg1
Rf8 46. Qxa7 Qg4+ 47. Kh2 Qxf5 48. Qxb6 g5 49. a5 g4 50. a6 Qf2+ 51. Bg2 Kg7
52. a7 Rh8+ 0-1

[Event "DEM U12/U12w 2009"]
[Site "Willingen GER"]
[Date "2009.06.03"]
[Round "6"]
[White "Paliy, Margaryta"]
[Black "Böhme, Mathis"]
[Result "0-1"]
[Termination "normal"]
[Board "47"]
[WhiteElo "1047"]
[BlackElo "1190"]
[PlyCount "112"]
[WhiteFideId "24692417"]
[BlackFideId "12900443"]
[EventCountry "GER"]
[EventRounds "11"]
[EventType "swiss"]
[EventDate "2009.05.30"]

1. e4 d5 2. exd5 Nf6 3. Bb5+ Bd7 4. Bxd7+ Nbxd7 5. Nc3 Nb6 6. Nf3 Nbxd5 7. Nxd5
Qxd5 8. O-O e6 9. d3 Bd6 10. h3 O-O 11. Bg5 Qf5 12. Be3 Rfe8 13. Re1 Rad8 14.
Bxa7 b6 15. Nd4 Qd5 16. c3 e5 17. Nf3 Qa5 18. Bxb6 Qxb6 19. d4 c5 20. dxe5 Bxe5
21. Qb3 Qxb3 22. axb3 Bd6 23. Rxe8+ Rxe8 24. Ra6 Rd8 25. Ra1 h6 26. Rd1 Bh2+
27. Kxh2 Rxd1 28. b4 cxb4 29. cxb4 Rb1 30. b5 Rxb2 31. Nd4 Kf8 32. Kg3 Ke7 33.
Kf4 Kd6 34. g4 g5+ 35. Ke3 Nd5+ 36. Ke4 Nc3+ 37. Kd3 Nxb5 38. Nxb5+ Rxb5 39.
Kc4 Rb2 40. f3 Rf2 41. Kd4 Rxf3 42. Ke4 Rxh3 43. Kf5 h5 44. Kxg5 hxg4 45. Kxg4
Rd3 46. Kf5 Rh3 47. Kg5 f5 48. Kxf5 Rh4 49. Kg5 Ra4 50. Kh5 Ke5 51. Kh6 Rg4 52.
Kh5 Kf5 53. Kh6 Rg1 54. Kh7 Kf6 55. Kh8 Kf7 56. Kh7 Rh1# 0-1

[Event "DEM U12/U12w 2009"]
[Site "Willingen GER"]
[Date "2009.06.03"]
[Round "6"]
[White "Genath, Maren"]
[Black "Müller, Max"]
[Result "1-0"]
[Termination "normal"]
[Board "48"]
[WhiteElo "924"]
[BlackElo "962"]
[PlyCount "53"]
[BlackFideId "12900486"]
[EventCountry "GER"]
[EventRounds "11"]
[EventType "swiss"]
[EventDate "2009.05.30"]

1. e4 e5 2. Nf3 Nc6 3. Bc4 Bc5 4. c3 Nf6 5. d4 exd4 6. cxd4 Bb4+ 7. Bd2 Bxd2+
8. Nbxd2 O-O 9. h3 d6 10. O-O Be6 11. d5 Na5 12. dxe6 Nxc4 13. exf7+ Rxf7 14.
Nxc4 Nxe4 15. Qd5 Nf6 16. Qxb7 d5 17. Nce5 Rf8 18. Rac1 Qb8 19. Qxc7 Qxc7 20.
Rxc7 Rfd8 21. Nc6 Re8 22. Nxa7 Rad8 23. Re1 Rxe1+ 24. Nxe1 d4 25. Nc6 Rd6 26.
Ne5 Rd5 27. Rc8+ 1-0

[Event "DEM U12/U12w 2009"]
[Site "Willingen GER"]
[Date "2009.06.03"]
[Round "7"]
[White "Wagner, Dennis"]
[Black "Schuhmacher, Jakob"]
[Result "1-0"]
[Termination "normal"]
[Board "1"]
[WhiteElo "2024"]
[BlackElo "1650"]
[PlyCount "35"]
[WhiteFideId "24650684"]
[BlackFideId "4612787"]
[EventCountry "GER"]
[EventRounds "11"]
[EventType "swiss"]
[EventDate "2009.05.30"]

1. e4 e5 2. Nf3 d6 3. d4 Nd7 4. Bc4 exd4 5. Qxd4 Ngf6 6. Nc3 Nb6 7. Be2 Be7 8.
Bg5 O-O 9. O-O-O Nfd7 10. h4 Ne5 11. Kb1 Nc6 12. Qd2 Bf6 13. Qf4 Bxg5 14. hxg5
f6 15. Qh4 Qe7 16. Qxh7+ Kf7 17. Nh4 Ne5 18. Bh5+ 1-0

[Event "DEM U12/U12w 2009"]
[Site "Willingen GER"]
[Date "2009.06.03"]
[Round "7"]
[White "Kvetny, Mark"]
[Black "Yankelevich, Lev"]
[Result "1/2-1/2"]
[Termination "normal"]
[Board "2"]
[WhiteElo "1858"]
[BlackElo "1898"]
[PlyCount "47"]
[WhiteFideId "24603929"]
[BlackFideId "24684074"]
[EventCountry "GER"]
[EventRounds "11"]
[EventType "swiss"]
[EventDate "2009.05.30"]

1. d4 Nf6 2. c4 d6 3. Nc3 Bf5 4. g3 c6 5. Bg2 d5 6. cxd5 cxd5 7. Qb3 Nc6 8.
Nxd5 Nxd5 9. Bxd5 e6 10. Bxc6+ bxc6 11. Nf3 Be4 12. Be3 Rb8 13. Qc4 Rxb2 14.
O-O Be7 15. Nd2 Bd5 16. Qc3 Rb6 17. f3 O-O 18. a3 c5 19. dxc5 Rc6 20. Rac1 Qc7
21. Nb3 Bxb3 22. Qxb3 Bxc5 23. Bxc5 Rxc5 24. Qe3 1/2-1/2

[Event "DEM U12/U12w 2009"]
[Site "Willingen GER"]
[Date "2009.06.03"]
[Round "7"]
[White "Xu, Xianliang"]
[Black "Lampert, Jonas"]
[Result "1/2-1/2"]
[Termination "normal"]
[Board "3"]
[WhiteElo "1921"]
[BlackElo "1977"]
[PlyCount "56"]
[WhiteFideId "4603230"]
[BlackFideId "1303759"]
[EventCountry "GER"]
[EventRounds "11"]
[EventType "swiss"]
[EventDate "2009.05.30"]

1. e4 c5 2. Nf3 d6 3. Bb5+ Bd7 4. Bxd7+ Qxd7 5. O-O Nf6 6. e5 dxe5 7. Nxe5 Qc8
8. Re1 e6 9. Nc3 Nc6 10. Nxc6 Qxc6 11. Qe2 Bd6 12. d3 O-O 13. Ne4 Nxe4 14. Qxe4
Qxe4 15. Rxe4 Rfd8 16. Bd2 Rac8 17. Bc3 Bf8 18. Rae1 g6 19. g3 Bg7 20. Bxg7
Kxg7 21. Kg2 Rd4 22. R1e2 Rcd8 23. Kf3 R4d6 24. Rc4 b6 25. Rce4 Rd5 26. Ra4
R8d7 27. Rae4 Re7 28. Re5 Rxe5 1/2-1/2

[Event "DEM U12/U12w 2009"]
[Site "Willingen GER"]
[Date "2009.06.03"]
[Round "7"]
[White "Svane, Rasmus"]
[Black "Zimmermann, Christian"]
[Result "1-0"]
[Termination "normal"]
[Board "4"]
[WhiteElo "2034"]
[BlackElo "1655"]
[PlyCount "75"]
[WhiteFideId "4657101"]
[BlackFideId "24692069"]
[EventCountry "GER"]
[EventRounds "11"]
[EventType "swiss"]
[EventDate "2009.05.30"]

1. e4 e5 2. Nf3 Nc6 3. Bb5 a6 4. Ba4 Nf6 5. d3 b5 6. Bb3 Be7 7. O-O d6 8. c3
O-O 9. Nbd2 Bg4 10. Re1 Na5 11. Bc2 c5 12. Nf1 Nc6 13. h3 Be6 14. Ng3 Rc8 15.
Nh2 Qc7 16. Qf3 Qd7 17. Bg5 Ng4 18. Nxg4 Bxg4 19. hxg4 Bxg5 20. Nf5 g6 21. Ne3
Ne7 22. Bb3 Bxe3 23. Rxe3 a5 24. a4 b4 25. Qf6 Rb8 26. Bc4 Nc8 27. Qh4 Qe7 28.
g5 Kh8 29. Rf3 bxc3 30. bxc3 Rb2 31. g4 Nb6 32. Ba2 Nd7 33. Rf6 Rxa2 34. Rxa2
Nxf6 35. gxf6 Qe6 36. Rb2 g5 37. Qxg5 Rg8 38. Rb8 1-0

[Event "DEM U12/U12w 2009"]
[Site "Willingen GER"]
[Date "2009.06.03"]
[Round "7"]
[White "Abrahamyan, Arsen"]
[Black "Blübaum, Matthias"]
[Result "0-1"]
[Termination "normal"]
[Board "5"]
[WhiteElo "1573"]
[BlackElo "2051"]
[PlyCount "70"]
[WhiteFideId "1271755"]
[BlackFideId "24651516"]
[EventCountry "GER"]
[EventRounds "11"]
[EventType "swiss"]
[EventDate "2009.05.30"]

1. e4 e6 2. d4 d5 3. Nd2 Be7 4. c3 c5 5. e5 Nc6 6. Ndf3 cxd4 7. cxd4 Qa5+ 8.
Bd2 Bb4 9. Bxb4 Qxb4+ 10. Qd2 Nge7 11. g4 O-O 12. Bd3 f6 13. h3 Bd7 14. Ne2
Qxd2+ 15. Nxd2 fxe5 16. dxe5 Nxe5 17. Nc1 Rac8 18. Be2 Rc2 19. Rb1 Rfc8 20.
Ncb3 N7g6 21. O-O Nf4 22. Bd1 R2c7 23. Kh2 Bb5 24. Re1 Ned3 25. Rf1 e5 26. Bf3
e4 27. Bd1 Ne5 28. Re1 Rf7 29. Nd4 Bd3 30. Ra1 Ne6 31. Nf5 Nd4 32. Nxd4 Rxf2+
33. Kg1 Rxd2 34. Bb3 Bc4 35. Rad1 Rxd4 0-1

[Event "DEM U12/U12w 2009"]
[Site "Willingen GER"]
[Date "2009.06.03"]
[Round "7"]
[White "Scheel, Henrik"]
[Black "Donchenko, Alexander"]
[Result "0-1"]
[Termination "normal"]
[Board "6"]
[WhiteElo "1626"]
[BlackElo "1984"]
[PlyCount "120"]
[WhiteFideId "24692115"]
[BlackFideId "24603295"]
[EventCountry "GER"]
[EventRounds "11"]
[EventType "swiss"]
[EventDate "2009.05.30"]

1. e4 c5 2. Nf3 e6 3. d4 cxd4 4. Nxd4 Nf6 5. Nc3 d6 6. Bd3 Nc6 7. Nxc6 bxc6 8.
O-O Qc7 9. Be3 d5 10. exd5 cxd5 11. Nb5 Qb8 12. Qd2 Bd6 13. Nxd6+ Qxd6 14. Bf4
Qe7 15. c4 O-O 16. cxd5 Nxd5 17. Rfe1 Bb7 18. Be4 Nxf4 19. Qxf4 Rfd8 20. Rac1
Bxe4 21. Qxe4 Rab8 22. Rc2 h6 23. h3 Qf6 24. Qe2 Qd4 25. Rec1 a5 26. b3 Rb7 27.
Qf3 Rbd7 28. Qe2 Rd5 29. Rc4 Qf6 30. R4c2 Qg5 31. Qg4 Qe5 32. Qe2 Qd6 33. g3
Rd3 34. Kg2 Qd5+ 35. Kg1 Rd7 36. Rc8+ Kh7 37. R8c2 Qd4 38. Kg2 g6 39. Qe1 Qa7
40. Rc3 Rd2 41. R3c2 Qb7+ 42. Kg1 R2d3 43. Rc3 Qb6 44. Rxd3 Rxd3 45. Kg2 Qb7+
46. Kh2 Qd5 47. Kg1 Qd4 48. Kg2 Rd2 49. a4 Qd5+ 50. Kh2 Rd3 51. Rb1 Rd2 52. Kg1
h5 53. h4 e5 54. Rc1 Rd3 55. Rb1 e4 56. Qe2 Qd4 57. Qf1 Rxg3+ 58. Kh2 Rd3 59.
Kg2 Rd2 60. Kg3 Qe5+ 0-1

[Event "DEM U12/U12w 2009"]
[Site "Willingen GER"]
[Date "2009.06.03"]
[Round "7"]
[White "Peil, Christoph"]
[Black "Brinkmann, Fabian"]
[Result "1-0"]
[Termination "normal"]
[Board "7"]
[WhiteElo "1756"]
[BlackElo "1601"]
[PlyCount "69"]
[WhiteFideId "24651800"]
[BlackFideId "24661414"]
[EventCountry "GER"]
[EventRounds "11"]
[EventType "swiss"]
[EventDate "2009.05.30"]

1. e4 c6 2. d4 d5 3. exd5 cxd5 4. c4 Nf6 5. Nc3 Bf5 6. Nf3 e6 7. c5 Nc6 8. Bb5
Rc8 9. O-O Be7 10. Bf4 O-O 11. a3 a6 12. Be2 b5 13. b4 Nh5 14. Be3 Nf6 15. h3
Ne4 16. Qb3 Qc7 17. a4 bxa4 18. Nxa4 Ra8 19. Nb6 Ra7 20. Rxa6 Rxa6 21. Bxa6 Nb8
22. Bb5 Qb7 23. Be2 Bd8 24. Na4 Bc7 25. Nc3 Ba5 26. Nb5 Bc7 27. Ra1 Nc6 28.
Nxc7 Qxc7 29. b5 Na5 30. Qb4 Nb7 31. Ra7 Qb8 32. b6 Nf6 33. c6 Qd6 34. Qxd6
Nxd6 35. b7 1-0

[Event "DEM U12/U12w 2009"]
[Site "Willingen GER"]
[Date "2009.06.03"]
[Round "7"]
[White "Sabirov, Ramil"]
[Black "Schröder, Jan-Christian"]
[Result "0-1"]
[Termination "normal"]
[Board "8"]
[WhiteElo "1518"]
[BlackElo "1820"]
[PlyCount "158"]
[WhiteFideId "12900303"]
[BlackFideId "24662259"]
[EventCountry "GER"]
[EventRounds "11"]
[EventType "swiss"]
[EventDate "2009.05.30"]

1. e4 e5 2. Nf3 Nc6 3. Bb5 a6 4. Bxc6 dxc6 5. Nc3 f6 6. d4 exd4 7. Qxd4 Qxd4 8.
Nxd4 Bd7 9. Be3 Bb4 10. Nde2 Ne7 11. O-O-O Ng6 12. f3 O-O-O 13. Na4 b6 14. b3
Ba3+ 15. Kb1 f5 16. exf5 Bxf5 17. Nd4 Bd7 18. Rhe1 Bb4 19. Bd2 Bd6 20. g3 Rde8
21. Nc3 c5 22. Nde2 Ne5 23. Ng1 Bc6 24. Ne4 Rhf8 25. Bf4 Nf7 26. Bxd6 Nxd6 27.
Nxd6+ cxd6 28. f4 Kd7 29. Kb2 b5 30. Re5 Rxe5 31. fxe5 d5 32. Ne2 Rf5 33. Nf4
Rxe5 34. Rd2 Kd6 35. Rf2 Rf5 36. Re2 Re5 37. Rf2 c4 38. b4 Rf5 39. Re2 Re5 40.
Rf2 d4 41. Kc1 Re1+ 42. Kd2 Re3 43. Re2 Rxe2+ 44. Nxe2 Ke5 45. Nf4 g5 46. Nh3
h6 47. Nf2 h5 48. Nh3 Kf5 49. Nf2 Bf3 50. c3 dxc3+ 51. Kxc3 Ke5 52. Nh3 Kf5 53.
Nf2 h4 54. Kd4 hxg3 55. hxg3 Bg2 56. a3 Bb7 57. Kc3 Ke5 58. Nh3 Kf6 59. Kd4 Bc8
60. Nf2 Bf5 61. Nd1 Bc2 62. Ne3 Bd3 63. g4 Be2 64. Nd5+ Kf7 65. Ne3 Ke6 66. Ke4
Bd3+ 67. Kd4 Kd6 68. Ng2 Be2 69. Ne3 Bf3 70. Nf5+ Kd7 71. Ne3 Ke6 72. Kc5 Ke5
73. Kb6 c3 74. Kxa6 Be2 75. Kb6 Ke4 76. Nc2 Kd3 77. Na1 c2 78. Nb3 Kc3 79. Nc1
Kd2 0-1

[Event "DEM U12/U12w 2009"]
[Site "Willingen GER"]
[Date "2009.06.03"]
[Round "7"]
[White "Wolff, Christopher"]
[Black "Lerch, Philipp"]
[Result "1-0"]
[Termination "normal"]
[Board "9"]
[WhiteElo "1494"]
[BlackElo "1900"]
[PlyCount "71"]
[BlackFideId "4654129"]
[EventCountry "GER"]
[EventRounds "11"]
[EventType "swiss"]
[EventDate "2009.05.30"]

1. e4 e5 2. Nf3 Nf6 3. Nxe5 d6 4. Nf3 Nxe4 5. Nc3 Nxc3 6. dxc3 Be7 7. Bd3 O-O
8. Be3 Be6 9. Nd4 Bf6 10. Nxe6 fxe6 11. Qg4 Qe7 12. O-O-O Nd7 13. f4 Rab8 14.
Qh3 g6 15. g4 Bg7 16. Rhf1 Rbe8 17. Rde1 a6 18. f5 Ne5 19. fxg6 Nxd3+ 20. cxd3
hxg6 21. Bh6 e5 22. Bd2 Qe6 23. Kb1 b5 24. Qg2 Rb8 25. h3 Qd7 26. Qe4 Qe6 27.
h4 d5 28. Qg2 a5 29. h5 b4 30. hxg6 bxc3 31. Bxc3 d4 32. Rxf8+ Rxf8 33. Bxd4
Qxg6 34. Qd5+ Rf7 35. Bxe5 Qxg4 36. Rf1 1-0

[Event "DEM U12/U12w 2009"]
[Site "Willingen GER"]
[Date "2009.06.03"]
[Round "7"]
[White "Keller, Peter"]
[Black "Bonk, Andras"]
[Result "0-1"]
[Termination "normal"]
[Board "10"]
[WhiteElo "1458"]
[BlackElo "1759"]
[PlyCount "50"]
[WhiteFideId "1272105"]
[BlackFideId "24692123"]
[EventCountry "GER"]
[EventRounds "11"]
[EventType "swiss"]
[EventDate "2009.05.30"]

1. e4 c5 2. Nf3 Nc6 3. d4 cxd4 4. Nxd4 Nf6 5. Nc3 e6 6. Be2 Bb4 7. O-O O-O 8.
Nxc6 bxc6 9. Bg5 h6 10. Bh4 Bxc3 11. bxc3 g5 12. Bg3 Nxe4 13. Qd3 d5 14. f4 f5
15. fxg5 hxg5 16. Be5 Qb6+ 17. Qd4 Nxc3 18. Bh5 Qxd4+ 19. Bxd4 Ne4 20. g4 Ba6
21. Rf3 fxg4 22. Rxf8+ Kxf8 23. Bxg4 Ke7 24. Re1 c5 25. Bc3 Bc4 0-1

[Event "DEM U12/U12w 2009"]
[Site "Willingen GER"]
[Date "2009.06.03"]
[Round "7"]
[White "Töws, Manuel"]
[Black "Herbst, Timothy"]
[Result "1-0"]
[Termination "normal"]
[Board "11"]
[WhiteElo "1863"]
[BlackElo "1416"]
[PlyCount "41"]
[WhiteFideId "24654485"]
[BlackFideId "12900346"]
[EventCountry "GER"]
[EventRounds "11"]
[EventType "swiss"]
[EventDate "2009.05.30"]

1. e4 c5 2. Nf3 Nc6 3. d4 cxd4 4. Nxd4 Nf6 5. Nc3 g6 6. Nxc6 bxc6 7. e5 Ng8 8.
Bc4 d6 9. Qf3 d5 10. Nxd5 cxd5 11. Bxd5 Rb8 12. Bxf7+ Kd7 13. Qd5+ Kc7 14. Qc5+
Kb7 15. Bd5+ Ka6 16. Qc6+ Qb6 17. Bc4+ Ka5 18. Bd2+ Qb4 19. Qc5+ Ka4 20. Bb3+
Qxb3 21. axb3# 1-0

[Event "DEM U12/U12w 2009"]
[Site "Willingen GER"]
[Date "2009.06.03"]
[Round "7"]
[White "Volz, Alexander"]
[Black "Birnkraut, Tim"]
[Result "1/2-1/2"]
[Termination "normal"]
[Board "12"]
[WhiteElo "1650"]
[BlackElo "1328"]
[PlyCount "87"]
[WhiteFideId "4669126"]
[BlackFideId "24609587"]
[EventCountry "GER"]
[EventRounds "11"]
[EventType "swiss"]
[EventDate "2009.05.30"]

1. e4 e5 2. Nf3 Nc6 3. Bc4 Bc5 4. d3 Nf6 5. Nc3 d6 6. Bg5 h6 7. Bxf6 Qxf6 8.
Nd5 Qd8 9. c3 a6 10. d4 exd4 11. cxd4 Ba7 12. h3 O-O 13. O-O Ne7 14. Nxe7+ Qxe7
15. Re1 b5 16. Bd5 Rb8 17. Bc6 Bd7 18. Rc1 Bxc6 19. Rxc6 Rb6 20. Qc2 Rc8 21.
Rc1 Rxc6 22. Qxc6 Bb6 23. Qb7 Rf8 24. Qxa6 Qxe4 25. Qxb5 Qf4 26. Rd1 Qe4 27. a4
Ra8 28. Re1 Qc2 29. b3 Qg6 30. b4 Qf6 31. Re8+ Rxe8 32. Qxe8+ Kh7 33. Qe4+ Qg6
34. Qxg6+ Kxg6 35. Kf1 Kf6 36. Ke2 Ke6 37. a5 Ba7 38. b5 Kd5 39. Kd3 f5 40. g3
g5 41. g4 f4 42. Kc3 Ke4 43. Nd2+ Kd5 44. Nf3 1/2-1/2

[Event "DEM U12/U12w 2009"]
[Site "Willingen GER"]
[Date "2009.06.03"]
[Round "7"]
[White "Hansch, Karsten"]
[Black "Hecht, Carsten"]
[Result "1/2-1/2"]
[Termination "normal"]
[Board "13"]
[WhiteElo "1839"]
[BlackElo "1605"]
[PlyCount "59"]
[WhiteFideId "24692239"]
[BlackFideId "24693928"]
[EventCountry "GER"]
[EventRounds "11"]
[EventType "swiss"]
[EventDate "2009.05.30"]

1. e4 d5 2. exd5 Nf6 3. d4 Nxd5 4. Nf3 Bg4 5. Bb5+ c6 6. Be2 Nd7 7. O-O g6 8.
h3 Bxf3 9. Bxf3 Bg7 10. c3 O-O 11. Bg5 h6 12. Bh4 Re8 13. Re1 Qb6 14. Qc2 e5
15. dxe5 Nxe5 16. Bxd5 cxd5 17. Na3 Re6 18. Kh1 Nd7 19. Rxe6 Qxe6 20. Qb3 Nc5
21. Qb5 Rc8 22. Rd1 a6 23. Qf1 b5 24. Bg3 Na4 25. Rd2 Qe4 26. Re2 Qf5 27. Nc2
Qd7 28. Nb4 a5 29. Nd3 d4 30. cxd4 1/2-1/2

[Event "DEM U12/U12w 2009"]
[Site "Willingen GER"]
[Date "2009.06.03"]
[Round "7"]
[White "Schoepe, Tobias"]
[Black "Tennert, Simon"]
[Result "1-0"]
[Termination "normal"]
[Board "14"]
[WhiteElo "1576"]
[BlackElo "1729"]
[PlyCount "37"]
[WhiteFideId "24692107"]
[BlackFideId "1270445"]
[EventCountry "GER"]
[EventRounds "11"]
[EventType "swiss"]
[EventDate "2009.05.30"]

1. e4 e5 2. Nf3 Nc6 3. d4 exd4 4. Nxd4 Nf6 5. Nxc6 bxc6 6. Bd3 d5 7. exd5 cxd5
8. O-O Be7 9. Nd2 O-O 10. Re1 Re8 11. Nb3 c5 12. c4 d4 13. Bf4 Bb7 14. Qd2 Nh5
15. Re5 g6 16. Nxc5 Bxc5 17. Rxc5 Nxf4 18. Qxf4 Qe7 19. Rc7 1-0

[Event "DEM U12/U12w 2009"]
[Site "Willingen GER"]
[Date "2009.06.03"]
[Round "7"]
[White "Kreyssig, Robert"]
[Black "Hümmecke, Aaron"]
[Result "1-0"]
[Termination "normal"]
[Board "15"]
[WhiteElo "1787"]
[BlackElo "1578"]
[PlyCount "133"]
[WhiteFideId "4662881"]
[BlackFideId "24692522"]
[EventCountry "GER"]
[EventRounds "11"]
[EventType "swiss"]
[EventDate "2009.05.30"]

1. d4 d5 2. c4 e6 3. Nc3 c6 4. cxd5 exd5 5. Qc2 Nf6 6. Bg5 h6 7. Bh4 Be7 8. e3
Be6 9. Bd3 Nbd7 10. Nge2 g5 11. Bg3 Qb6 12. O-O-O O-O-O 13. Kb1 Nb8 14. Ka1 Bd6
15. Bf5 Na6 16. Bxe6+ fxe6 17. Bxd6 Rxd6 18. a3 Ng4 19. Ng3 Rf8 20. Rdf1 e5 21.
h3 exd4 22. hxg4 dxc3 23. Qxc3 d4 24. exd4 Rxd4 25. f3 Nc5 26. Rd1 Rxd1+ 27.
Rxd1 Ne6 28. Nf5 Qf2 29. Rd2 Qc5 30. Qxc5 Nxc5 31. Kb1 Rf6 32. Kc2 Kc7 33. b4
Nd7 34. Kc3 h5 35. Ne3 h4 36. Nf5 Nb6 37. Kd4 Re6 38. g3 hxg3 39. Nxg3 Rd6+ 40.
Kc3 Rxd2 41. Kxd2 Nc4+ 42. Kd3 Nxa3 43. Ne4 b6 44. Nxg5 Kd6 45. f4 a5 46. bxa5
bxa5 47. Ne4+ Ke6 48. Nc5+ Kf6 49. Nb3 a4 50. Nc5 Nb5 51. Nxa4 Nc7 52. Nc3 Ne6
53. Ke3 c5 54. Ne4+ Kf7 55. f5 Nc7 56. Nxc5 Nd5+ 57. Ke4 Nf6+ 58. Kf4 Nd5+ 59.
Ke5 Ne3 60. g5 Nc4+ 61. Kf4 Nd6 62. Ne4 Ne8 63. g6+ Kg7 64. Kg5 Nc7 65. f6+ Kf8
66. g7+ Kg8 67. Kg6 1-0

[Event "DEM U12/U12w 2009"]
[Site "Willingen GER"]
[Date "2009.06.03"]
[Round "7"]
[White "Ott, Florian"]
[Black "Hirschmann, Jakob"]
[Result "1-0"]
[Termination "normal"]
[Board "16"]
[WhiteElo "1567"]
[BlackElo "1678"]
[PlyCount "81"]
[WhiteFideId "12900281"]
[BlackFideId "24652067"]
[EventCountry "GER"]
[EventRounds "11"]
[EventType "swiss"]
[EventDate "2009.05.30"]

1. Nf3 e6 2. d4 Nf6 3. Bf4 d5 4. e3 b6 5. c4 Bb7 6. Be2 Be7 7. Nc3 a6 8. Rc1
Nbd7 9. cxd5 exd5 10. O-O Rc8 11. Re1 O-O 12. Bd3 c5 13. Ne2 b5 14. Ng3 Re8 15.
Nf5 Ne4 16. Ne5 Nxe5 17. Bxe5 f6 18. Qg4 g6 19. Bf4 Kh8 20. Nh6 Rf8 21. Qe6 Qe8
22. f3 Ng5 23. Bxg5 fxg5 24. Ng4 c4 25. Qe5+ Bf6 26. Nxf6 Qxe5 27. dxe5 cxd3
28. Rxc8 Rxc8 29. Rd1 Rc2 30. Rxd3 Rxb2 31. e4 Kg7 32. exd5 Rc2 33. Ne8+ Kf8
34. Nd6 Ba8 35. Ne4 Rc8 36. Nxg5 h6 37. Ne6+ Ke7 38. Nc7 Kd7 39. d6 Rxc7 40.
dxc7+ Kxc7 41. Rd6 1-0

[Event "DEM U12/U12w 2009"]
[Site "Willingen GER"]
[Date "2009.06.03"]
[Round "7"]
[White "Xiong, Ferdinand"]
[Black "Müller, Constantin"]
[Result "1-0"]
[Termination "normal"]
[Board "17"]
[WhiteElo "1815"]
[BlackElo "1565"]
[PlyCount "83"]
[WhiteFideId "24654132"]
[BlackFideId "24697630"]
[EventCountry "GER"]
[EventRounds "11"]
[EventType "swiss"]
[EventDate "2009.05.30"]

1. e4 e6 2. d4 d5 3. exd5 exd5 4. Bd3 c5 5. dxc5 Bxc5 6. Nf3 Nc6 7. O-O Nge7 8.
Bf4 h6 9. Nc3 Bg4 10. h3 Bh5 11. Be2 Bg6 12. Qd2 a6 13. Rad1 d4 14. Na4 Bb4 15.
c3 dxc3 16. Nxc3 O-O 17. a3 Ba5 18. b4 Bb6 19. Qa2 Qc8 20. Na4 Ba7 21. Rc1 Qf5
22. Bh2 Qd5 23. Bc4 Qh5 24. Bb3 Bf5 25. Bd1 Be6 26. Qb2 Qg6 27. Kh1 b6 28. Bc2
Qh5 29. Ng1 b5 30. Be4 Bd5 31. Nc5 Bc4 32. g4 Qg5 33. f4 Qh4 34. Rfd1 Rad8 35.
Qg2 Qf6 36. g5 hxg5 37. fxg5 Qd4 38. Rxd4 Rxd4 39. Bxc6 Nxc6 40. Rxc4 Rxc4 41.
Qxc6 Rd8 42. Qc7 1-0

[Event "DEM U12/U12w 2009"]
[Site "Willingen GER"]
[Date "2009.06.03"]
[Round "7"]
[White "Imcke, Patrick"]
[Black "Gröning, Finn Jonathan"]
[Result "1-0"]
[Termination "normal"]
[Board "18"]
[WhiteElo "1711"]
[BlackElo "1513"]
[PlyCount "73"]
[WhiteFideId "4622502"]
[BlackFideId "1271634"]
[EventCountry "GER"]
[EventRounds "11"]
[EventType "swiss"]
[EventDate "2009.05.30"]

1. e4 c6 2. d4 d5 3. e5 Bf5 4. c3 e6 5. Be3 Qb6 6. Qb3 Nd7 7. f4 c5 8. Nf3 c4
9. Qxb6 Nxb6 10. Be2 Na4 11. Bc1 Ne7 12. O-O Ng6 13. Nbd2 Ne7 14. b3 cxb3 15.
Bb5+ Nc6 16. Bxa4 bxa2 17. Rxa2 a6 18. Ba3 b5 19. Bxf8 bxa4 20. Bxg7 Rg8 21.
Bf6 Na5 22. Rxa4 Nc4 23. Nxc4 dxc4 24. Nd2 Bd3 25. Rfa1 Rb8 26. Rxa6 Kd7 27.
Rd6+ Kc7 28. Raa6 Rb2 29. Ra7+ Kb8 30. Rdd7 Rxd2 31. g3 Be4 32. Be7 Rg2+ 33.
Kf1 Rxh2 34. Bd6+ Kc8 35. Rac7+ Kb8 36. Rxc4+ Ka8 37. Ra4# 1-0

[Event "DEM U12/U12w 2009"]
[Site "Willingen GER"]
[Date "2009.06.03"]
[Round "7"]
[White "Richter, Leonard"]
[Black "Hansch, Stephan"]
[Result "1-0"]
[Termination "normal"]
[Board "20"]
[WhiteElo "1553"]
[BlackElo "1791"]
[PlyCount "59"]
[WhiteFideId "12900290"]
[EventCountry "GER"]
[EventRounds "11"]
[EventType "swiss"]
[EventDate "2009.05.30"]

1. e4 c5 2. d4 cxd4 3. c3 d3 4. Bxd3 d6 5. f4 Qc7 6. Nf3 Nd7 7. O-O Ngf6 8. Kh1
e6 9. Be3 a6 10. Nbd2 b6 11. Qe1 Bb7 12. Qg3 Nc5 13. Bxc5 bxc5 14. Rae1 d5 15.
e5 Nd7 16. f5 c4 17. Bb1 Qb6 18. fxe6 fxe6 19. Ng5 Be7 20. Nf7 Rf8 21. Bxh7
Qxb2 22. Rf2 Bc5 23. Qg5 Qxc3 24. Nd6+ Bxd6 25. Bg6+ Rf7 26. Bxf7+ Kf8 27.
Bxe6+ Ke8 28. Bf7+ Kf8 29. Bxd5+ Ke8 30. exd6+ 1-0